MDQL
is popping MORE tags! Check the
thread
!
Quizzes
Events
Quiz Creation
Community
Videos
Private Events
Remove Ads
Sign In
Join for FREE
Feedback
Dark Mode
Quiz Categories
Sports
Geography
Music
Movies
Television
Just For Fun
Miscellaneous
History
Literature
Language
Science
Gaming
Entertainment
Religion
Holiday
For Kids
Quiz Lab
Recent
Popular Today
Quiz Kudos Today
Editor Picks
Curator Picks
Quizzes by...
Day
Popularity
Type
Ratings
Length
Year
Community
Subscriptions
Recent Discussions
Orange Saloon
Badges
Playlists
Quests
Create
Leaderboards
Showdown
Live 5
Trivia Bingo
Activity
Puzzle Library
Sporcle Events
Private Events
Virtual Trivia
Globe League
Become a Host
Pub Owners
SporcleCon
Opinionation
Our Games
Videos
Blog
Mobile Apps
Partnerships
Remove Ads and Go Orange
Feedback
Music
Pop Music
The Beatles
Song
Album
Lyrics
Bands
Singers
Artist
Clip
Rock
Rap
Classical
Billboard
Country Music
Kpop
Taylor Swift
Music
Pop Music
The Beatles
Song
Album
Lyrics
Bands
Singers
Artist
Clip
Rock
Rap
Classical
Billboard
Country Music
Kpop
Taylor Swift
Random Quiz
Search Sporcle
×
Quiz Lab
Quiz Lab
Music
Thrash Metal
Type in answers that appear in a list
Type in answers that appear in a list
Classic
Best Score? Go Orange.
Kataklysm Songs Stats
Can you name the songs by Kataklysm?
By
Hrodwulhwaz
20m
131 Questions
37 Plays
37 Plays
37 Plays
Comments
Comments
Give Quiz Kudos
Give Quiz Kudos
-
- Ratings
hide this ad
Replay
Link that replays current quiz
Next Quiz
Link to next quiz in quiz playlist
You Got
0%
They Got
Avg Score
71%
Avg Friend Score
Upgrade to see
Score Distribution
Jump to the score distribution portion of the page
Score
0/131
Timer
20:00
0
Plays Today
Hint
Answer
% Correct
Serenity in Fire
Serenity in Fire
94.6%
Prevail
Prevail
94.6%
Vision the Chaos
Vision the Chaos (Kataklysm Part I)
91.9%
Sorcery
Sorcery (Kataklysm Part III)
91.9%
Cross the Line of Redemption
Cross the Line of Redemption
89.2%
Iron Will
Iron Will
89.2%
The Vortex of Resurrection
Mould in a Breed
81.1%
Sorcery
Mould in a Breed (Chapter I, Bestial Propagation)
81.1%
Temple of Knowledge (Kataklysm Part III)
The Awakener (Epoch I - Summon the Legends)
81.1%
Victims of This Fallen World
As My World Burns
81.1%
The Prophecy (Stigmata of the Immaculate)
Stormland
81.1%
The Prophecy (Stigmata of the Immaculate)
Breeding the Everlasting
81.1%
The Prophecy (Stigmata of the Immaculate)
Laments of Fear and Despair
81.1%
The Prophecy (Stigmata of the Immaculate)
Astral Empire
81.1%
The Prophecy (Stigmata of the Immaculate)
Machiavellian
81.1%
The Prophecy (Stigmata of the Immaculate)
The Renaissance
81.1%
Shadows & Dust
In Shadows and Dust
81.1%
Serenity in Fire
The Resurrected
81.1%
Serenity in Fire
The Night They Returned
81.1%
Serenity in Fire
Blood on the Swans
81.1%
Serenity in Fire
Under the Bleeding Sun
81.1%
In the Arms of Devastation
The Road to Devastation
81.1%
Prevail
The Chains of Power
81.1%
Prevail
The Last Effort (Renaissance II)
81.1%
Sorcery
Elder God
78.4%
Sorcery
Dead Zygote (Chapter III, Dethroned Son)
78.4%
Temple of Knowledge (Kataklysm Part III)
Beckoning of the Xul (Segment II - In the Midst of the Azonei's Dominion)
78.4%
Victims of This Fallen World
Embracing Europa
78.4%
The Prophecy (Stigmata of the Immaculate)
1999:1666:2000
78.4%
The Prophecy (Stigmata of the Immaculate)
Manifestation
78.4%
The Prophecy (Stigmata of the Immaculate)
Gateway to Extinction
78.4%
Epic: The Poetry of War
As the Glorious Weep, Roma: Part II
78.4%
Shadows & Dust
Face the Face of War
78.4%
Shadows & Dust
Years of Enlightenment | Decades in Darkness
78.4%
Serenity in Fire
The Ambassador of Pain
78.4%
Serenity in Fire
10 Seconds from the End
78.4%
Serenity in Fire
The Tragedy I Preach
78.4%
In the Arms of Devastation
In Words of Desperation
78.4%
Prevail
Taking the World by Storm
78.4%
Heaven's Venom
At the Edge of the World
78.4%
Heaven's Venom
Suicide River
78.4%
The Vortex of Resurrection
The Orb
75.7%
Shadows & Dust
Beyond Salvation
75.7%
Shadows & Dust
Illuminati
75.7%
Hint
Answer
% Correct
Shadows & Dust
Where the Enemy Sleeps...
75.7%
Shadows & Dust
Centuries (Beneath the Dark Waters)
75.7%
Shadows & Dust
Inside the Material Flesh
75.7%
In the Arms of Devastation
Like Angels Weeping (The Dark)
75.7%
In the Arms of Devastation
Let Them Burn
75.7%
Prevail
As Death Lingers
75.7%
Prevail
Breathe to Dominate
75.7%
Prevail
The Vultures Are Watching
75.7%
Heaven's Venom
Hail the Renegade
75.7%
Heaven's Venom
As the Walls Collapse
75.7%
Waiting for the End to Come
Fire
75.7%
Waiting for the End to Come
If I Was God... I'd Burn It All
75.7%
The Death Gate Cycle of Reincarnation
Shrine of Life (Chapter III -Reborn Through Death-) (Demo version)
73%
The Vortex of Resurrection
Feeling the Neverworld
73%
Rehearsal
On My Entrails
73%
Rehearsal
Offend Thy Soul
73%
The Mystical Gate of Reincarnation
Shrine of Life (Chapter III -Reborn Through Death-)
73%
Sorcery
Feeling the Neverworld (Chapter III, An Infinite Transmigration)
73%
Temple of Knowledge (Kataklysm Part III)
L'Odyssée...
73%
Victims of This Fallen World
(God)Head
73%
Victims of This Fallen World
A View from Inside
73%
Epic: The Poetry of War
Era of the Mercyless, Roma: Part I
73%
Epic: The Poetry of War
Manipulator of Souls
73%
In the Arms of Devastation
Crippled and Broken
73%
Prevail
To the Throne of Sorrow
73%
Prevail
Tear Down the Kingdom
73%
Cross the Line of Redemption
The Last Effort (Revisited)
73%
Heaven's Venom
A Soulless God
73%
The Death Gate Cycle of Reincarnation
Mystical Plane of Evil (Chapter II -Enigma of the Unknown-) (Demo version)
70.3%
The Mystical Gate of Reincarnation
Mystical Plane of Evil (Chapter II -Enigma of the Unknown-)
70.3%
The Mystical Gate of Reincarnation
The Orb of Uncreation
70.3%
Sorcery
Whirlwind of Withered Blossoms (Chapter II, Forgotten Ancestors)
70.3%
Sorcery
Eternal, I Reach Infinity
70.3%
Sorcery
Rays of Râ
70.3%
Temple of Knowledge (Kataklysm Part III)
Point of Evanescence (Segment III - Of Sheer Perseverance)
70.3%
Temple of Knowledge (Kataklysm Part III)
Fathers from the Suns (Act I - The Occured Barrier)
70.3%
Victims of This Fallen World
Portraits of Anger
70.3%
Victims of This Fallen World
Extreme to the Core
70.3%
Serenity in Fire
For All Our Sins
70.3%
Heaven's Venom
Push the Venom
70.3%
Heaven's Venom
Blind Saviour
70.3%
The Death Gate Cycle of Reincarnation
Frozen in Time (Chapter I -Will of Suicide-) (Demo version)
67.6%
The Mystical Gate of Reincarnation
Frozen in Time (Chapter I -Will of Suicide-)
67.6%
Vision the Chaos
Shrine of Life (Chapter III -Reborn Through Death-) Version II
67.6%
Hint
Answer
% Correct
Sorcery
Once... Upon Posession (Chapter II, Legacy of Both Lores)
67.6%
Sorcery
World of Treason (Instrumental Vibrations)
67.6%
Temple of Knowledge (Kataklysm Part III)
Maelstorm 2010 (Epoch II - Omens About the Great Infernos)
67.6%
Temple of Knowledge (Kataklysm Part III)
Exode of Evils (Epoch III - Ladder of Thousand Parsecs)
67.6%
Victims of This Fallen World
World of Treason II
67.6%
Epic: The Poetry of War
Shivers of a New World
67.6%
Serenity in Fire
As I Slither
67.6%
In the Arms of Devastation
It Turns to Rust
67.6%
Waiting for the End to Come
Kill the Elite
67.6%
The Vortex of Resurrection
Whirlwind of Withered Blossoms
64.9%
Victims of This Fallen World
I Remember
64.9%
Shadows & Dust
Chronicles of the Damned
64.9%
In the Arms of Devastation
To Reign Again
64.9%
In the Arms of Devastation
Open Scars
64.9%
Prevail
Blood in Heaven
64.9%
Heaven's Venom
Faith Made of Shrapnel
64.9%
Waiting for the End to Come
The American Way (Sacred Reich cover)
64.9%
Waiting for the End to Come
Like Animals
64.9%
Temple of Knowledge (Kataklysm Part III)
Enhanced by the Lore (Act II - Scholarship Ordained)
62.2%
Epic: The Poetry of War
Il Diavolo in Me
62.2%
Epic: The Poetry of War
Wounds
62.2%
Epic: The Poetry of War
What We Endure
62.2%
Epic: The Poetry of War
When Time Stands Still
62.2%
Heaven's Venom
Determined (Vows of Vengeance)
62.2%
Waiting for the End to Come
Under Lawless Skies
62.2%
Sorcery
Garden of Dreams (Chapter I, Supernatural Appearance)
59.5%
Shadows & Dust
Bound in Chains
59.5%
Heaven's Venom
Das Feuer Lebt
59.5%
Victims of This Fallen World
Imminent Downfall
56.8%
Victims of This Fallen World
Feared Resistance
56.8%
Heaven's Venom
Numb and Intoxicated
56.8%
Temple of Knowledge (Kataklysm Part III)
The Unholy Signature (Segment I - Utterly Significant)
54.1%
Temple of Knowledge (Kataklysm Part III)
In Parallel Horizons (Act III - Spontaneus Aura Projection)
54.1%
Victims of This Fallen World
Courage Through Hope
54.1%
Epic: The Poetry of War
Damnation Is Here
54.1%
Waiting for the End to Come
Real Blood, Real Scars
54.1%
Waiting for the End to Come
The Promise
51.4%
Waiting for the End to Come
Empire of Dirt
51.4%
Waiting for the End to Come
Elevate
51.4%
In the Arms of Devastation
Temptation's Nest
48.6%
Victims of This Fallen World
Caged In
45.9%
Waiting for the End to Come
The Darkest Days of Slumber
45.9%
Waiting for the End to Come
Dead & Buried
32.4%
Quiz Playlist
Details
Report
Send in Message
Add To Playlist
Classic:
Type in answers that appear in a list
Last Updated: Feb 16, 2017
Quiz Scoreboard
CHALLENGE
Sign Up to Join the Scoreboard
Show All
Scores
Hide
Comments
May contain spoilers
Recently Published
Find the 'City' Movie
by crazypaving
Movies
60s
5x2 Blitz: Bands
by SL_Kpop136
Music
30s
Colored Red Africa Blitz
by spor1
Geography
30s
More to Explore
Quiz From the Vault
Featured Blog Post
14 Easter Pick-up Lines to Find Eggs With
hide this ad
You Might Also Like...
Tags
Black Metal
death
Death Metal
Discography
Melodic Death
metal
Metal Bands
Songs on Album
Thrash Metal
Today's Top Quizzes in Music
Browse Music
hide this ad
Top Contributed Quizzes in Music
1
5X2 Blitz: Bands II
2
5X2 Blitz: The Beatles
3
Taylor Swift All Songs (2024)
4
5X2 Blitz: Billboard
5
Taylor Swift Logic Puzzle II
6
5X2 Blitz: Billboard II
7
Taylor Swift Logic Puzzle
8
5X2 Blitz: Rock
9
5X2 Blitz: Singers
10
5X2 Blitz: Album
Explore More
Trending Topics
Kpop
Anime
Marvel
Disney
Harry Potter
NBA
Crossword
NFL
Country
Soccer
Song
Puzzle
WWE
The Office
Pokémon
hide this ad
More By:
Hrodwulhwaz
Quiz
Plays
Rating
Category
Featured
Created
Amon Amarth Songs
227
5.00
Music
Sep 5, 2014
Deicide Songs
95
5.00
Music
Jun 23, 2014
Anaal Nathrakh Songs
55
4.50
Music
Jun 10, 2014
Kataklysm Songs
37
Music
Jun 29, 2014
Go to Creator's Profile
Score Distribution
Quiz Creator Spotlight
Hrodwulhwaz
Follow
Send a Message
Quizzes Created
-
Created Quiz Play Count
-
More By This Creator
Popular Quizzes Today
1
Colored Red Africa Blitz
2
Find the 'City' Movie
3
Find the US States - No Outlines Minefield
4
5x2 Blitz: Bands
5
The Countries of the World
6
Find the US States
7
Find the Countries of Europe - No Outlines Minefield
8
US States
More Music Quizzes
UK Rappers (Picture Click)
Curator's Pick
Trending Quizzes
Colored Red Europe Blitz I
Colored Red Africa Blitz II
Colored Red Europe Blitz II
Colored Red Africa Blitz III
Colored Red Europe Blitz III
Recently Updated
How Do You Spell That?
pecheneg
Godzilla Movies
pecheneg
Grab Bag: 4-10 Letters
pecheneg
2024 March Madness Bracket
pecheneg
Famous TV Couples
Peacemaker
Champions League XIs: Real Madrid
pecheneg
Largest US Cities 1790-2010
pecheneg
Rides in Walt Disney World
pecheneg
Most Oscar Losses (Acting)
pecheneg
Beyoncé Albums
pecheneg
Trending Topics
Harry Potter
Anime
Crossword
Kpop
NBA
Disney
Marvel
WWE
The Office
Puzzle
Pokémon
NFL
Song
Country
Soccer
Your Account Isn't Verified!
In order to create a playlist on Sporcle, you need to verify the email address you used during registration. Go to your
Sporcle Settings
to finish the process.
Report this User
Report this user for behavior that violates our
Community Guidelines
.
Details:
Send Report
Go to the Sporcle.com Mobile Site →
Comments